000 01095nam a22003257a 4500
003 CHAP
005 20220329140220.0
008 971013s1941 r 00010 d
010 _a48683
011 _a49655
035 _a53805
040 _cCHAP
090 _aTesis
100 0 0 _aVelázquez Gutiérrez, Carlos.
_9118545
245 _aEstudio hidrológico del Distrito de Riego de Pabellón, Ags.
260 _aChapingo, Méx. :
_bEl autor,
_c1941
300 _apág. varía
_b: ilus.
502 _aTesis (Ing. Agr. Esp. en Irrigación) -- ENA. Departamento de Irrigación
590 _aALEPH
_b10
_c20130110
_lUCH01
_h1320
590 _aBATCH-UPD
_b10
_c20130110
_lUCH01
_h1246
590 _aBATCH-UPD
_b10
_c20130410
_lUCH01
_h0810
590 _aBATCH-UPD
_b10
_c20130914
_lUCH01
_h1208
590 _aCONVERSION
_b10
_c20130109
_lUCH01
_h1327
650 1 4 _aDistrito de Riego Pabellón, Ags.
_932906
901 _aBK
942 _cFOLL
949 _bBC
_cTES
_d-119070
_eTS1
_i53805
_si
949 _bBC
_cTES
_d-119073
_eTS2
_fc.3
_i53805
_si
949 _bBC
_cTES
_d33724000693115
_eTS2
_fc.2
_i53805
_si
999 _c48683
_d48683